Những điều cần biết khi đối xử với đồng nghiệp

সংরক্ষণ করুন:
গ্রন্থ-পঞ্জীর বিবরন
প্রধান লেখক: Li, Hao
বিন্যাস: গ্রন্থ
ভাষা:Undetermined
প্রকাশিত: Hà Nội Nhà xuất bản Hà Nội 2004
বিষয়গুলি:
ট্যাগগুলো: ট্যাগ যুক্ত করুন
কোনো ট্যাগ নেই, প্রথমজন হিসাবে ট্যাগ করুন!
Thư viện lưu trữ: Trung tâm Học liệu Trường Đại học Cần Thơ
LEADER 00584nam a2200193Ia 4500
001 CTU_90987
008 210402s9999 xx 000 0 und d
020 |c 49000 
082 |a 158.1 
082 |b H108 
100 |a Li, Hao 
245 0 |a Những điều cần biết khi đối xử với đồng nghiệp 
245 0 |c Li Hao ; Phan Hà Sơn dịch 
260 |a Hà Nội 
260 |b Nhà xuất bản Hà Nội 
260 |c 2004 
650 |a Psychology, applied 
904 |i Mai Loan 
980 |a Trung tâm Học liệu Trường Đại học Cần Thơ